| 000 -LEADER |
| fixed length control field |
00451 a2200181 4500 |
| 003 - CONTROL NUMBER IDENTIFIER |
| control field |
OSt |
| 005 - DATE AND TIME OF LATEST TRANSACTION |
| control field |
20231117122814.0 |
| 008 - FIXED-LENGTH DATA ELEMENTS--GENERAL INFORMATION |
| fixed length control field |
231117b ||||| |||| 00| 0 eng d |
| 020 ## - INTERNATIONAL STANDARD BOOK NUMBER |
| International Standard Book Number |
9783037784976 |
| 040 ## - CATALOGING SOURCE |
| Original cataloging agency |
BMSCA |
| 041 ## - LANGUAGE CODE |
| Language code of text/sound track or separate title |
eng. |
| 082 ## - DEWEY DECIMAL CLASSIFICATION NUMBER |
| Edition number |
23 |
| Classification number |
727.5 |
| Item number |
FIS |
| 100 ## - MAIN ENTRY--PERSONAL NAME |
| Personal name |
Fishman, Mark |
| 245 ## - TITLE STATEMENT |
| Title |
LAB Building a Home for Scientists |
| 260 ## - PUBLICATION, DISTRIBUTION, ETC. (IMPRINT) |
| Name of publisher, distributor, etc |
Lars Muller Publishers; |
| Date of publication, distribution, etc |
2017, |
| Place of publication, distribution, etc |
Germany. |
| 300 ## - PHYSICAL DESCRIPTION |
| Extent |
363p.: |
| Dimensions |
24.38 cm. |
| 942 ## - ADDED ENTRY ELEMENTS (KOHA) |
| Source of classification or shelving scheme |
|